Kedudukan kata adjektif dalam Bahasa Melayu dan Bahasa Cina : satu analisis kontrastif dan analisis kesilapan /
Saved in:
| Main Author: | |
|---|---|
| Format: | Thesis Book |
| Language: | Malay |
| Published: |
2006.
|
| Subjects: | |
| Tags: |
Add Tag
No Tags, Be the first to tag this record!
|
| LEADER | 01226cam a2200301 a 4500 | ||
|---|---|---|---|
| 001 | u726701 | ||
| 003 | SIRSI | ||
| 005 | 200608241231 | ||
| 008 | 060824s2006 my a t 000 0 may m | ||
| 040 | |a UMM |d UMB | ||
| 090 | |a PB12 |b UM 2006 Cha | ||
| 093 | |a PB12 |b UM 2006 Cha | ||
| 100 | 1 | 0 | |a Chan, Koi Pew. |
| 245 | 1 | 0 | |a Kedudukan kata adjektif dalam Bahasa Melayu dan Bahasa Cina : |b satu analisis kontrastif dan analisis kesilapan / |c Chan Koi Pew. |
| 260 | |c 2006. | ||
| 300 | |a xiii, 174, [13] leaves : |b ill. ; |c 30 cm. | ||
| 502 | |a Dissertation (M.M.L.S.) -- Fakulti Bahasa dan Linguistik, Universiti Malaya, 2006. | ||
| 504 | |a Bibliography: leaves 168-172. | ||
| 650 | 0 | |a Malay language |x Adjective. | |
| 650 | 0 | |a Chinese language |x Adjective. | |
| 650 | 0 | |a Malay language |x Errors of usage. | |
| 650 | 0 | |a Chinese language |x Errors of usage. | |
| 650 | 0 | |a Contrastive linguistics. | |
| 710 | 2 | 0 | |a Universiti Malaya. |b Fakulti Bahasa dan Linguistik. |
| 900 | |a JAR | ||
| 596 | |a 1 6 | ||
| 999 | |a PB12 UM 2006 CHA |w LC |c 1 |i A512589961 |d 1/11/2006 |f 1/11/2006 |g 1 |l STACKS |m P06BAHASA |r Y |s Y |t TESIS |u 1/11/2006 | ||
| 999 | |a PB12 UM 2006 CHA |w LC |c 1 |i A512735169 |d 9/7/2019 |e 9/7/2019 |f 16/2/2007 |g 1 |l STACKS |m P01UTAMA |n 20 |r Y |s Y |t TESIS |u 16/2/2007 | ||
